| 000 | 00739nam a2200241Ia 4500 | ||
|---|---|---|---|
| 003 | OSt | ||
| 005 | 20220926014131.0 | ||
| 006 | a|||||r|||| 00| 0 | ||
| 007 | ta | ||
| 008 | 220923b |||||||| |||| 00| 0 eng d | ||
| 037 | _cGeneral Book | ||
| 040 |
_aRTL _cRTL _beng |
||
| 041 |
_2eng _aeng |
||
| 082 | _aU6.1.N7, M0 | ||
| 100 |
_aHoy Don R Ed. _9256408 |
||
| 245 | 0 |
_aEssentials of geography and development _b Concepts and Processes |
|
| 260 |
_aNew York _bMacmillan Publishing Co. UK _c1980 |
||
| 300 |
_axiv,476p _ccm. |
||
| 500 | _aBib chapterwise; Appendix p. 457-66; Glossary p. 445-56 | ||
| 650 | _aEconomic Geography | ||
| 942 |
_hU6.1.N7, M0 _cGB _2CC |
||
| 999 |
_c627968 _d627968 |
||